000 00585nam a22001577a 4500
003 OSt
008 250903b |||||||| |||| 00| 0 eng d
041 _amal
082 _a320
_bNAR/KE
100 _aNarayanan, J. C
_97830
245 _aKeralathile mukhyamanthrimar: E.M.S. muthal Pinarayi vare /
_bകേരളത്തിലെ മുഖ്യമന്ത്രിമാര്‍: ഇ.എം.എസ്. മുതല്‍ പിണറായി വരെ
260 _aKayamkulam :
_bSithara Books,
_c2020.
300 _a142 p.
650 _aChief ministers - Kerala
_97831
942 _cBK
999 _c19514
_d19514